000 00631nam a2200193Ia 4500
005 20250508154600.0
008 008 250505s9999 xx 000 0 eng d
037 _aTextual
040 _aFEDL
_beng
_cFEDL
041 _aeng
_2eng
084 _a020, WHI
_qFEDL
100 _aWhite Carl M
245 0 _aBases of modern librarian ship: A study of library theory and practice in Britain, Canada, Denmark, the federal republic of Germany and the United States
260 _aOxford
_bPergamon Press
_c1964
300 _ax,126p.
650 _aLibrary Science
942 _cTEXL
_h020, WHI
999 _c1351010
_d1351010